Pompás ruháit Földünk honnan kapja?

Bibliographic Details
Main Author: Busta, Christine, 1915-1987 (Author)
Other Authors: Tarbay, Ede, 1932- (Translator)
Format: Article
Language:Hungarian
ISSN:1335-6534
Subjects:

MARC

LEADER 00000nab a2200000 ar4500
001 vtls009299528
003 SK-MaSNL
005 20260303051756.0
008 080602c2008 xo |||||||| 000 b|hun
015 |a SNBRB2008/06  |2 snkbucl 
038 |a SNKBUCL 
040 |a DSZK  |b slo  |c DSZK  |d SNK  |e AACR2 
041 0 |a hun 
044 |a xo  |c SK 
080 |a 821.112.2 (436)-93=511.141  |2 1997 
080 |a 821.112.2 (436)-1(0.053.2)=511.141  |2 1997 
100 1 |a Busta, Christine,  |d 1915-1987  |4 aut  |9 114546 
245 1 0 |a Pompás ruháit Földünk honnan kapja?  |c Christine Busta ; fordította Tarbay Ede 
650 0 7 |a poézia pre deti  |2 snkbucl  |9 31212 
655 7 |a rakúska poézia  |2 snkbucl  |9 70787 
700 1 |a Tarbay, Ede,  |d 1932-  |4 trl  |9 114547 
773 0 |t Remény  |g Évf. XIX, sz. 22 (2008), o. 19  |x 1335-6534 
852 |a SNK  |b KIS3GCP 
852 |a DSZK  |b KIS3GCP 
958 |a HU 
958 |a LX 
958 |a AT 
999 |c 1712721  |d 1714651